| 000 | 01195nam0a2200313 4500 | ||
|---|---|---|---|
| 001 | RU\NLR\BIBL_A\011239715 | ||
| 005 | 20260406075206.0 | ||
| 010 |
_a978-5-17-098075-8 _97000 |
||
| 021 |
_aRU _b2016-74309 _94815 |
||
| 035 | _a(NLR Aleph) 011239715 | ||
| 090 |
_a12115298 _c12115298 |
||
| 100 | _a20161013d2016 |||y0rusy50 ca | ||
| 101 | 1 |
_arus _ceng |
|
| 102 | _aRU | ||
| 105 | _aa z 000ay | ||
| 200 | 1 |
_aЧудесный нож _e[роман] _fФилип Пулман _g[пер. с англ. В. Бабкова _gил. Филипа Пулмана] |
|
| 210 |
_aМосква _cАСТ _d2016 |
||
| 215 |
_a381, [2] с. _cил. _d22 |
||
| 225 | 1 | _aЗолотой компас | |
| 311 | _aЯвляется продолж. книги "Северное сияние" | ||
| 333 | _a12+ | ||
| 488 | 0 |
_12001#$aСеверное сияние _tСеверное сияние |
|
| 686 | 1 | _aШ6(4Вл)67-445{Лх1299-62} | |
| 700 | 1 |
_8rus _7ca _aПулман _bФ. _gФилип _f1946- _3RU\NLR\AUTH\7737225 _920214 |
|
| 702 | 1 |
_4440 _8rus _7ca _aПулман _bФ. _gФилип _f1946- _3RU\NLR\AUTH\7737225 _920214 |
|
| 942 | _cBOOK | ||
| 980 | _aNB | ||